Registers update (Record no. 75277)
[ view plain ]
| 000 -LEADER | |
|---|---|
| fixed length control field | 00801cab a2200205 4500 |
| 001 - CONTROL NUMBER | |
| control field | L129791 |
| 008 - FIXED-LENGTH DATA ELEMENTS--GENERAL INFORMATION | |
| fixed length control field | 050519n2005 000 0 eng u |
| 035 ## - SYSTEM CONTROL NUMBER | |
| System control number | (Sirsi) u129791 |
| 041 ## - LANGUAGE CODE | |
| Language code of text/sound track or separate title | eng |
| 245 ## - TITLE STATEMENT | |
| Title | Registers update |
| Remainder of title | update 10.5 |
| 260 ## - PUBLICATION, DISTRIBUTION, ETC. | |
| Date of publication, distribution, etc. | 2005 |
| 490 ## - SERIES STATEMENT | |
| Series statement | Property Law |
| Volume/sequential designation | (73) December 2004, 5-7(3) |
| 520 ## - SUMMARY, ETC. | |
| Summary, etc. | Provides an update on the abolition feudal tenure including information on servitudes, dual registration, fees and the approach to the transitional period. |
| 590 ## - LOCAL NOTE (RLIN) | |
| Local note | SCOTLAND |
| 650 ## - SUBJECT ADDED ENTRY--TOPICAL TERM | |
| Topical term or geographic name entry element | FEES IN THE REGISTERS OF SCOTLAND AMENDMENT ORDER 2004 |
| 650 ## - SUBJECT ADDED ENTRY--TOPICAL TERM | |
| Topical term or geographic name entry element | ABOLITION OF FEUDAL TENURE ETC (SCOTLAND) ACT 2000 |
| 650 ## - SUBJECT ADDED ENTRY--TOPICAL TERM | |
| Topical term or geographic name entry element | TITLE CONDITIONS (SCOTLAND) ACT 2003 |
| 690 ## - LOCAL SUBJECT ADDED ENTRY--TOPICAL TERM (OCLC, RLIN) | |
| Topical term or geographic name as entry element | PROPERTY-LEASEHOLD PROPERTY-LANDLORD AND TENANT-LANDLORD AND TENANT REFORM |
| 942 ## - ADDED ENTRY ELEMENTS (KOHA) | |
| Suppress in OPAC | 0 |
| Withdrawn status | Lost status | Source of classification or shelving scheme | Damaged status | Not for loan | Home library | Current library | Shelving location | Date acquired | Total Checkouts | Full call number | Barcode | Date last seen | Copy number | Price effective from | Koha item type |
|---|---|---|---|---|---|---|---|---|---|---|---|---|---|---|---|
| Dewey Decimal Classification | London | London | Journal article | 19/05/2005 | L129791 | 129791-1001 | 06/08/2019 | 1 | 06/08/2019 | Journal article |